[Event "Wch U14"]
[Site "Florianopolis"]
[Date "2024.11.03"]
[Round "6"]
[White "Orsini, Cesar Oliveira"]
[Black "Araujo, Yvan Lukas Bertoldo"]
[Result "1-0"]
[WhiteElo "1596"]
[BlackElo "1792"]
[PlyCount "55"]
[EventDate "2024.10.29"]
[EventType "swiss"]
[EventRounds "11"]
[EventCountry "BRA"]
[SourceTitle "CB45_2024"]
[Source "ChessBase"]
[SourceDate "2024.11.06"]
[SourceVersion "1"]
[SourceVersionDate "2024.11.06"]
[SourceQuality "1"]

1. c4 c5 2. g3 Nf6 3. Bg2 d5 4. cxd5 Nxd5 5. Nc3 Nc7 6. Nf3 Nc6 7. 0-0 g6 8. Ne4 b6 9. d4 cxd4 10. Qa4 b5 11. Qc2 Bd7 12. Nc5 Bg7 13. Nxd7 Qxd7 14. Ng5 Nd5 15. Qb3 e6 16. Rd1 0-0 17. Bd2 Rfd8 18. Rac1 a6 19. Rc2 Rac8 20. Rdc1 Rc7 21. Ne4 Bf8 22. Qxd5 exd5 23. Nf6+ Kh8 24. Nxd7 Rcxd7 25. Rxc6 Re7 26. Bg5 Rxe2 27. Bxd8 d3 28. Bf1 1-0

[Event "Recife JEBS op"]
[Site "Recife"]
[Date "2024.09.29"]
[Round "3"]
[White "Araujo, Yvan Lukas Bertoldo"]
[Black "De Sousa, Joao Pedro A Moreir"]
[Result "1-0"]
[WhiteElo "1792"]
[BlackElo "1800"]
[PlyCount "64"]
[EventDate "2024.09.28"]
[EventType "swiss"]
[EventRounds "6"]
[EventCountry "BRA"]
[SourceTitle "EXT 2025"]
[Source "ChessBase"]
[SourceDate "2024.10.14"]
[SourceVersion "1"]
[SourceVersionDate "2024.10.14"]
[SourceQuality "1"]

1. e4 c5 2. Nf3 d6 3. d4 cxd4 4. Nxd4 Nf6 5. Nc3 a6 6. f3 Nc6 7. Be3 e6 8. Qd2 Be7 9. 0-0-0 0-0 10. g4 Qc7 11. g5 Nd7 12. h4 Nde5 13. Be2 b5 14. f4 Nc4 15. Bxc4 bxc4 16. h5 Nxd4 17. Bxd4 e5 18. Nd5 Qd8 19. Nxe7+ Qxe7 20. Bc3 Rd8 21. fxe5 Bb7 22. exd6 Qxe4 23. Rhe1 Qc6 24. Qd4 f6 25. gxf6 Rd7 26. fxg7 Rxg7 27. d7 Rd8 28. Re8+ Rxe8 29. dxe8Q+ Qxe8 30. h6 Qe2 31. hxg7 Qe8 32. Re1 Qc8 1-0

[Event "BRA-ch U18"]
[Site "Aracaju"]
[Date "2024.05.23"]
[Round "4"]
[White "Araujo, Yvan Lukas Bertoldo"]
[Black "Kayser, Gustavo Warmling"]
[Result "0-1"]
[WhiteElo "1794"]
[BlackElo "2027"]
[PlyCount "74"]
[EventDate "2024.05.22"]
[EventType "swiss"]
[EventRounds "6"]
[EventCountry "BRA"]
[SourceTitle "CBM 220 Extra"]
[Source "ChessBase"]
[SourceDate "2024.07.31"]
[SourceVersion "1"]
[SourceVersionDate "2024.07.31"]
[SourceQuality "1"]

1. e4 c5 2. Nf3 Nc6 3. d4 cxd4 4. Nxd4 Nf6 5. Nc3 e5 6. Nb3 Bb4 7. Bd3 d5 8. exd5 Nxd5 9. Bd2 Bxc3 10. Bxc3 Nxc3 11. bxc3 0-0 12. 0-0 Qe7 13. Re1 Be6 14. Be4 f6 15. Re3 Rfd8 16. Qh5 g6 17. Rg3 Bf7 18. Qh6 Rac8 19. Re1 Qf8 20. Qxf8+ Kxf8 21. Rh3 Kg7 22. Rd3 Bc4 23. Rxd8 Nxd8 24. Rd1 Be6 25. f3 Kf7 26. Kf2 Ke7 27. Rd3 Rc7 28. Ke2 Bc4 29. Kd2 Bxd3 30. cxd3 Ne6 31. g3 Rd7 32. Na5 Nc5 33. Nc4 Ke6 34. Ke3 f5 35. d4 fxe4 36. dxc5 exf3 37. Kxf3 Rd3+ 0-1

[Event "BRA-ch U18"]
[Site "Aracaju"]
[Date "2024.05.23"]
[Round "6"]
[White "Rodrigues, Arthur GA Dantas"]
[Black "Araujo, Yvan Lukas Bertoldo"]
[Result "1-0"]
[WhiteElo "1529"]
[BlackElo "1794"]
[PlyCount "27"]
[EventDate "2024.05.22"]
[EventType "swiss"]
[EventRounds "6"]
[EventCountry "BRA"]
[SourceTitle "CBM 220 Extra"]
[Source "ChessBase"]
[SourceDate "2024.07.31"]
[SourceVersion "1"]
[SourceVersionDate "2024.07.31"]
[SourceQuality "1"]

1. d4 Nf6 2. c4 g6 3. Nc3 Bg7 4. e4 d6 5. Nf3 0-0 6. Be2 e5 7. d5 Nh5 8. 0-0 f5 9. exf5 gxf5 10. Nxe5 Bxe5 11. Bxh5 Kh8 12. Bh6 Qh4 13. f4 Rg8 14. Bg5 1-0

[Event "BRA-ch U18"]
[Site "Aracaju"]
[Date "2024.05.22"]
[Round "3"]
[White "Araujo, Yvan Lukas Bertoldo"]
[Black "Da Vasconcelos, Ivan Azevedo"]
[Result "1-0"]
[WhiteElo "1794"]
[BlackElo "1741"]
[PlyCount "63"]
[EventDate "2024.05.22"]
[EventType "swiss"]
[EventRounds "6"]
[EventCountry "BRA"]
[SourceTitle "CBM 220 Extra"]
[Source "ChessBase"]
[SourceDate "2024.07.31"]
[SourceVersion "1"]
[SourceVersionDate "2024.07.31"]
[SourceQuality "1"]

1. e4 e5 2. Nf3 Nc6 3. Bc4 Bc5 4. c3 Nf6 5. d3 0-0 6. Bb3 d5 7. exd5 Nxd5 8. 0-0 Bg4 9. Nbd2 Nf4 10. h3 Bh5 11. Qc2 Nxd3 12. Ne4 Bxf3 13. gxf3 Nxc1 14. Raxc1 Bb6 15. Kh2 Na5 16. Ba4 Qh4 17. Rg1 Qf4+ 18. Rg3 f5 19. Ng5 Rf6 20. Rcg1 h6 21. Bb3+ Nc4 22. Ne6 Rxe6 23. Bxc4 Rae8 24. Bxe6+ Rxe6 25. Kh1 g5 26. h4 Qxh4+ 27. Kg2 Kf7 28. Qxf5+ Rf6 29. Qh7+ Ke6 30. Rh1 Rf7 31. Qg6+ Rf6 32. Qe8+ 1-0